| 000 | 00448nam a2200157Ia 4500 | ||
|---|---|---|---|
| 008 | 240729s9999 xx 000 0 und d | ||
| 022 | _a2436-5173 | ||
| 245 | 0 | _aMetallomics Research | |
| 260 | _aJapan | ||
| 260 | _bJapan Society for Biomedical Research on Trace Elements | ||
| 650 | _a Science (General) | ||
| 650 | _aMedicine | Science | ||
| 856 | _uhttps://doaj.org/toc/69c5600d9775478da99a07b03711c668 | ||
| 942 | _2ddc | ||
| 942 | _cDOAJEJ | ||
| 999 |
_c72361 _d72361 |
||
| 945 |
_a1 _bMadushi Gamage _c1 _dMadushi Gamage |
||